000 00319nam a2200121Ia 4500
008 241028s9999 xx 000 0 und d
041 _aeng
082 _a658.5038 SLO
100 _aPaul Sloane
245 _aA Guide To Open Innovation Crowd And Sourcing
260 _bKogen Page
_aLondon
_c2011
300 _a217;. P. 22 cm
999 _c42854
_d42854